000 01019cab a2200181 4500
001 ##L132126
008 060112n2005 000 0 eng u
035 _a(Sirsi) u132126
041 0 _aeng
110 2 _aAntiques Trade Gazette
_93627
245 0 0 _aDroit de suite
_bwho has to pay what to whom and when
260 _c2005
490 0 _aAntiques Trade Gazette
_v1720 24 and 31 December 2005, 3(1)
520 _aAdvises on the existing resale rights of an artist holding copyright of their work or a qualifying body to whom they have assigned the right, such as a charity, and how this applies only if the artist is living. It cautions when the rights apply, joint authorship, if the artist can assign or waive their rights, royalties and how they can be calculated, and collecting agencies. The change in the law after 1 January, 2010, that will see the artist's rights extend to their heirs and assignees for up to seventy years after the artist's death.
650 2 4 _aCOPYRIGHT
690 _aLAW
942 _n0
999 _c76333
_d76333